[Event "Titled Tuesday intern op 02nd Apr Late"]
[Site "Chess.com INT"]
[Date "2024.04.02"]
[Round "5"]
[White "Adan Bermudez, Sergio"]
[Black "Teiitbaev, Aktilek"]
[Result "0-1"]
[WhiteElo "2309"]
[BlackElo "2094"]
[PlyCount "132"]
[EventDate "2024.04.02"]
[EventType "swiss (blitz)"]
[EventRounds "11"]
[EventCountry "USA"]
[SourceTitle "CB15_2024"]
[SourceDate "2024.04.10"]
[SourceVersion "1"]
[SourceVersionDate "2024.04.10"]
[SourceQuality "1"]

1. c4 c6 2. Nc3 d5 3. e3 Nf6 4. Nf3 Nbd7 5. cxd5 cxd5 6. b3 e5 7. Bb2 a6 8. Be2 Bd6 9. 0-0 h5 10. d3 Qe7 11. e4 d4 12. Nb1 h4 13. h3 Nc5 14. Nbd2 g5 15. Nh2 Ne6 16. Bg4 Nf4 17. Nc4 b5 18. Nb6 Bxg4 19. Nxg4 Rb8 20. Nxf6+ Qxf6 21. Nd5 Nxd5 22. exd5 Qf4 23. Bc1 Qf5 24. Qf3 Qxf3 25. gxf3 f6 26. Bd2 Kd7 27. b4 Rhc8 28. Rfc1 Be7 29. Rxc8 Rxc8 30. a4 Rc2 31. Be1 Kd6 32. axb5 axb5 33. Ra5 Rc1 34. Kf1 Kxd5 35. Rxb5+ Kc6 36. Rb8 Bd6 37. Rc8+ Bc7 38. Ke2 Kd7 39. Rf8 Ke7 40. Ra8 Rc2+ 41. Kd1 Rb2 42. Bd2 Bd6 43. Kc1 Rxd2 44. Kxd2 Bxb4+ 45. Kc2 Be1 46. Kb3 Bxf2 47. Kc4 Ke6 48. Ra6+ Kf5 49. Kd5 Be3 50. Rc6 Bd2 51. Rb6 Be3 52. Rb8 Kf4 53. Rf8 Kxf3 54. Rxf6+ Kg3 55. Kxe5 Kxh3 56. Ke4 g4 57. Rg6 g3 58. Kf3 Kh2 59. Rg4 Kh3 60. Rg6 Bd2 61. Rg4 Be1 62. Rg6 Kh2 63. Rg4 h3 64. Ke2 Bf2 65. Kf3 Kg1 66. Rg8 h2 0-1

[Event "Titled Tuesday intern op 13th Feb Late"]
[Site "Chess.com INT"]
[Date "2024.02.13"]
[Round "1"]
[White "Wang, Alexander J"]
[Black "Adan Bermudez, Sergio"]
[Result "0-1"]
[WhiteElo "1851"]
[BlackElo "2293"]
[PlyCount "68"]
[EventDate "2024.02.13"]
[EventType "swiss (blitz)"]
[EventRounds "11"]
[EventCountry "USA"]
[SourceTitle "CB08_2024"]
[SourceDate "2024.02.21"]
[SourceVersion "1"]
[SourceVersionDate "2024.02.21"]
[SourceQuality "1"]

1. e4 d6 2. d4 Nf6 3. Nc3 e5 4. dxe5 dxe5 5. Qxd8+ Kxd8 6. Nf3 Bd6 7. Bc4 Be6 8. Bxe6 fxe6 9. Bg5 Ke7 10. Rd1 Nbd7 11. a3 a6 12. 0-0 h6 13. Be3 g5 14. h3 g4 15. hxg4 Nxg4 16. Bc1 Raf8 17. Nh2 h5 18. Nxg4 hxg4 19. g3 Rh5 20. Kg2 Bc5 21. Be3 Bxe3 22. fxe3 Rfh8 23. Rh1 Rxh1 24. Rxh1 Rxh1 25. Kxh1 Nf6 26. Kg2 Kd6 27. Kf2 Kc5 28. b3 b5 29. Ke2 a5 30. Ke1 b4 31. Na4+ Kb5 32. c4+ Kc6 33. axb4 axb4 34. Ke2 Nxe4 0-1

[Event "Titled Tuesday intern op 06th Feb Late"]
[Site "Chess.com INT"]
[Date "2024.02.06"]
[Round "2"]
[White "Adan Bermudez, Sergio"]
[Black "Demidov, Mikhail"]
[Result "0-1"]
[WhiteElo "2293"]
[BlackElo "2546"]
[PlyCount "100"]
[EventDate "2024.02.06"]
[EventType "swiss (blitz)"]
[EventRounds "11"]
[EventCountry "USA"]
[SourceTitle "CB07_2024"]
[SourceDate "2024.02.14"]
[SourceVersion "1"]
[SourceVersionDate "2024.02.14"]
[SourceQuality "1"]

1. c4 g6 2. Nc3 Bg7 3. g3 c5 4. Bg2 d6 5. a3 Bxc3 6. bxc3 Nc6 7. Rb1 Qd7 8. Qa4 Nf6 9. d3 Nd8 10. Qxd7+ Kxd7 11. Nh3 Rb8 12. Bg5 Ne8 13. Bd2 b6 14. Nf4 Bb7 15. e4 e6 16. h4 h6 17. 0-0 Nc6 18. Be3 Ke7 19. Rfd1 Nf6 20. f3 Nd7 21. Nh3 Nde5 22. Nf2 Na5 23. f4 Nd7 24. g4 h5 25. g5 Bc6 26. Bh3 Rb7 27. Re1 Rhb8 28. f5 Ne5 29. Kg2 exf5 30. Bf4 Kf8 31. Kg3 fxe4 32. Bxe5 dxe5 33. Nxe4 Rd8 34. Rbd1 Re7 35. Nf6 Ba4 36. Nd5 Bxd1 37. Nxe7 Rxd3+ 38. Kh2 Kxe7 39. Rxe5+ Kf8 40. Bf1 Rd2+ 41. Kg3 Bg4 42. Re3 Be6 43. Kf4 Bxc4 44. Bh3 Rf2+ 45. Ke5 Rd2 46. Kf6 Nc6 47. a4 Rd6+ 48. Be6 Bxe6 49. a5 Bd5+ 50. Re6 Rxe6# 0-1

[Event "Titled Tuesday intern op 06th Feb Late"]
[Site "Chess.com INT"]
[Date "2024.02.06"]
[Round "3"]
[White "Prohorov, Olexandr"]
[Black "Adan Bermudez, Sergio"]
[Result "0-1"]
[WhiteElo "2086"]
[BlackElo "2293"]
[PlyCount "102"]
[EventDate "2024.02.06"]
[EventType "swiss (blitz)"]
[EventRounds "11"]
[EventCountry "USA"]
[SourceTitle "CB07_2024"]
[SourceDate "2024.02.14"]
[SourceVersion "1"]
[SourceVersionDate "2024.02.14"]
[SourceQuality "1"]

1. e4 d6 2. d4 Nf6 3. Nc3 e5 4. Nf3 Nbd7 5. Bc4 h6 6. g4 g6 7. Rg1 exd4 8. Nxd4 Ne5 9. Be2 Bg7 10. Be3 h5 11. g5 Nfg4 12. Bc1 Nc6 13. Nb3 Nxh2 14. f3 Be5 15. Be3 h4 16. f4 Bxc3+ 17. bxc3 Qe7 18. Qd3 h3 19. 0-0-0 Rh4 20. Rh1 Ng4 21. Bd4 h2 22. Bxg4 Bxg4 23. Rde1 Rh3 24. Qf1 0-0-0 25. Bf6 Qe8 26. Bxd8 Qxd8 27. Qg2 Bd7 28. Rxh2 Rxc3 29. Qd2 Nb4 30. Qd4 Nd3+ 31. Kb1 Rxb3+ 32. axb3 Nxe1 33. Rh8 Be8 34. Qxa7 Kd7 35. Qa5 Qe7 36. Qxe1 f6 37. gxf6 Qxf6 38. Rh7+ Kc8 39. Qd2 Bc6 40. e5 dxe5 41. fxe5 Qxe5 42. Rf7 b6 43. Ka2 Kb7 44. Rf2 g5 45. Qd3 g4 46. Re2 Qf4 47. Re7 g3 48. b4 g2 49. b5 g1Q 50. bxc6+ Kxc6 51. Qc3+ Qc5 0-1

[Event "Titled Tuesday intern op 05th Sep Late"]
[Site "Chess.com INT"]
[Date "2023.09.05"]
[Round "3"]
[White "Adan Bermudez, Sergio"]
[Black "Seyhanoglu, Deniz"]
[Result "0-1"]
[WhiteElo "2322"]
[BlackElo "2118"]
[PlyCount "96"]
[EventDate "2023.09.05"]
[EventType "swiss (blitz)"]
[EventRounds "11"]
[EventCountry "USA"]
[SourceTitle "EXT 2024"]
[Source "ChessBase"]
[SourceDate "2023.10.10"]
[SourceVersion "1"]
[SourceVersionDate "2023.10.10"]
[SourceQuality "1"]

1. d3 g6 2. Nd2 Bg7 3. Ngf3 d5 4. e4 e5 5. h4 h6 6. h5 g5 7. Be2 Ne7 8. Nh2 f5 9. exf5 Bxf5 10. Bg4 0-0 11. 0-0 Nbc6 12. Bxf5 Nxf5 13. Ng4 Qd6 14. c4 Ncd4 15. cxd5 Qxd5 16. Ne4 Nh4 17. Be3 Rad8 18. Bxd4 Qxd4 19. Qb3+ Qd5 20. Qxd5+ Rxd5 21. Rfd1 Nf5 22. Rac1 c6 23. Kf1 Kf7 24. Ne3 Nxe3+ 25. fxe3 Ke6+ 26. Ke2 Rf7 27. g4 Bf8 28. Rf1 Rdd7 29. Rxf7 Rxf7 30. Rf1 Rxf1 31. Kxf1 Be7 32. Ke2 Kd5 33. Kf3 b5 34. Ng3 Bf8 35. Nf5 a5 36. Ke2 a4 37. Kd2 e4 38. Kc3 b4+ 39. Kc2 b3+ 40. axb3 axb3+ 41. Kc3 exd3 42. Kxd3 c5 43. e4+ Ke5 44. Ke3 c4 45. Ng3 Ba3 46. Nf5 Bxb2 47. Nxh6 c3 48. Nf7+ Kf6 0-1

[Event "Titled Tuesday intern op 22nd Aug Late"]
[Site "Chess.com INT"]
[Date "2023.08.22"]
[Round "8"]
[White "Adan Bermudez, Sergio"]
[Black "Bazzano, Sebastian"]
[Result "0-1"]
[WhiteElo "2322"]
[BlackElo "2288"]
[PlyCount "60"]
[EventDate "2023.08.22"]
[EventType "swiss (blitz)"]
[EventRounds "11"]
[EventCountry "USA"]
[SourceTitle "EXT 2024"]
[Source "ChessBase"]
[SourceDate "2023.10.10"]
[SourceVersion "1"]
[SourceVersionDate "2023.10.10"]
[SourceQuality "1"]

1. d4 Nf6 2. Nc3 d5 3. Bf4 c6 4. e3 g6 5. h4 Bg7 6. h5 Nxh5 7. Rxh5 gxh5 8. Qxh5 Nd7 9. Qh2 Nf6 10. Nf3 Bf5 11. 0-0-0 Ne4 12. Nxe4 Bxe4 13. Nd2 Bg6 14. Nb3 a5 15. Bc7 Qd7 16. Nc5 Qf5 17. Rd2 0-0 18. Bd3 Qc8 19. Be2 Re8 20. g4 f6 21. Bf4 e5 22. Bh6 Qc7 23. Bd3 Qf7 24. Bf5 b6 25. Nd3 exd4 26. exd4 Bxf5 27. gxf5 Bxh6 28. Qxh6 Qg7 29. Qh2 Kh8 30. f3 Qg5 0-1

[Event "Titled Tuesday intern op 22nd Aug Late"]
[Site "Chess.com INT"]
[Date "2023.08.22"]
[Round "11"]
[White "Adan Bermudez, Sergio"]
[Black "Shapiro, Daniel E"]
[Result "0-1"]
[WhiteElo "2322"]
[BlackElo "2284"]
[PlyCount "64"]
[EventDate "2023.08.22"]
[EventType "swiss (blitz)"]
[EventRounds "11"]
[EventCountry "USA"]
[SourceTitle "EXT 2024"]
[Source "ChessBase"]
[SourceDate "2023.10.10"]
[SourceVersion "1"]
[SourceVersionDate "2023.10.10"]
[SourceQuality "1"]

1. d4 Nf6 2. Nc3 d5 3. Bf4 a6 4. e3 e6 5. Nf3 Bd6 6. Ne5 c5 7. dxc5 Bxc5 8. Bd3 Nc6 9. Qe2 Bd6 10. Nxc6 bxc6 11. Bxd6 Qxd6 12. 0-0-0 Rb8 13. a3 c5 14. e4 Qf4+ 15. Qe3 Qxe3+ 16. fxe3 c4 17. Be2 Bb7 18. Rhf1 0-0 19. g4 Rfc8 20. Rd4 e5 21. Rdd1 Rd8 22. g5 d4 23. gxf6 dxc3 24. Rxd8+ Rxd8 25. Bxc4 Bxe4 26. fxg7 cxb2+ 27. Kxb2 Bg6 28. Kc3 Rc8 29. Rb1 Bxc2 30. Rb7 Bg6 31. Kb3 Kxg7 32. Bxa6 Rd8 0-1

[Event "Titled Tuesday intern op 08th Aug Late"]
[Site "Chess.com INT"]
[Date "2023.08.08"]
[Round "9"]
[White "Rabiega, Robert"]
[Black "Adan Bermudez, Sergio"]
[Result "0-1"]
[WhiteElo "2468"]
[BlackElo "2322"]
[PlyCount "74"]
[EventDate "2023.08.08"]
[EventType "swiss (blitz)"]
[EventRounds "11"]
[EventCountry "USA"]
[SourceTitle "EXT 2024"]
[Source "ChessBase"]
[SourceDate "2023.10.10"]
[SourceVersion "1"]
[SourceVersionDate "2023.10.10"]
[SourceQuality "1"]

1. e4 d6 2. d4 Nf6 3. Nc3 e5 4. Nf3 Nbd7 5. Bc4 h6 6. a4 a5 7. 0-0 Be7 8. Re1 c6 9. Bf1 Qc7 10. Qe2 Nf8 11. h3 g5 12. dxe5 dxe5 13. Nh2 Ng6 14. g3 Bc5 15. Be3 Qb6 16. Bxc5 Qxc5 17. Kg2 h5 18. Qc4 Qxc4 19. Bxc4 Ke7 20. Rad1 Bd7 21. f3 h4 22. Ng4 Bxg4 23. hxg4 hxg3 24. Kxg3 Nf4 25. Rh1 Rad8 26. Ne2 Rxh1 27. Rxh1 Rd2 28. Nxf4 exf4+ 29. Kh3 Nd7 30. Rh2 Rd1 31. Re2 Ne5 32. Bb3 Nxf3 33. Kg2 Ne5 34. Rf2 Nxg4 35. Kf3 Nxf2 36. Kxf2 g4 37. c3 Rd2+ 0-1

[Event "Titled Tuesday intern op 01st Aug Late"]
[Site "Chess.com INT"]
[Date "2023.08.01"]
[Round "1"]
[White "Adan Bermudez, Sergio"]
[Black "Cooper, Aaron"]
[Result "1-0"]
[WhiteElo "2322"]
[BlackElo "1904"]
[PlyCount "111"]
[EventDate "2023.08.01"]
[EventType "swiss (blitz)"]
[EventRounds "11"]
[EventCountry "USA"]
[SourceTitle "EXT 2024"]
[Source "ChessBase"]
[SourceDate "2023.10.10"]
[SourceVersion "1"]
[SourceVersionDate "2023.10.10"]
[SourceQuality "1"]

1. c4 Nf6 2. Nc3 g6 3. e4 d6 4. g3 Bg7 5. Bg2 Kf8 6. Nge2 Nc6 7. d4 e5 8. 0-0 h6 9. h3 Kg8 10. Be3 Kh7 11. f4 exd4 12. Nxd4 Nxd4 13. Bxd4 Re8 14. g4 c5 15. Bf2 Qb6 16. Qd2 Be6 17. b3 Qb4 18. Rac1 Bd7 19. Qxd6 Bxg4 20. Bxc5 Qa5 21. Bb4 Qb6+ 22. Qxb6 axb6 23. hxg4 Nxg4 24. e5 Ne3 25. Rfe1 Nxg2 26. Kxg2 g5 27. fxg5 hxg5 28. Bd6 Rad8 29. Ne4 Kg6 30. Rcd1 Bxe5 31. Bxe5 Rxd1 32. Rxd1 Rxe5 33. Rd6+ Kf5 34. Ng3+ Kf4 35. Rf6+ Kg4 36. Rxb6 f5 37. Nh1 Re2+ 38. Nf2+ Kf4 39. Rxb7 g4 40. Kf1 Rxa2 41. c5 Kf3 42. Nd3 g3 43. Ne1+ Kf4 44. c6 Rf2+ 45. Kg1 Re2 46. Ng2+ Kf3 47. Nh4+ Kg4 48. Rb4+ f4 49. Ng2 Rb2 50. Rxf4+ Kg5 51. Rf1 Rxb3 52. Rc1 Rb8 53. c7 Rc8 54. Ne3 Kf6 55. Nd5+ Ke6 56. Nb6 1-0

[Event "Titled Tuesday intern op 01st Aug Late"]
[Site "Chess.com INT"]
[Date "2023.08.01"]
[Round "6"]
[White "Todorovic, Bojan"]
[Black "Adan Bermudez, Sergio"]
[Result "0-1"]
[WhiteElo "2195"]
[BlackElo "2322"]
[PlyCount "114"]
[EventDate "2023.08.01"]
[EventType "swiss (blitz)"]
[EventRounds "11"]
[EventCountry "USA"]
[SourceTitle "EXT 2024"]
[Source "ChessBase"]
[SourceDate "2023.10.10"]
[SourceVersion "1"]
[SourceVersionDate "2023.10.10"]
[SourceQuality "1"]

1. c4 d6 2. Nc3 g6 3. d4 Bg7 4. e4 Nc6 5. Be3 e5 6. Nge2 Nf6 7. d5 Ne7 8. f3 0-0 9. Qd2 c5 10. g4 a6 11. Ng3 Ne8 12. h4 f5 13. gxf5 gxf5 14. Nh5 f4 15. Bf2 Bh6 16. Bh3 Bxh3 17. Rxh3 Nc7 18. Bxc5 Nc8 19. Ba3 Qe8 20. c5 Qxh5 21. cxd6 Nb5 22. Nxb5 axb5 23. d7 Nb6 24. Bxf8 Bxf8 25. d6 Qf7 26. Rd1 Qxd7 27. Rh1 Nc4 28. Qd5+ Qf7 29. Rg1+ Bg7 30. d7 Qxd5 31. Rxd5 Rd8 32. h5 Kf8 33. Ke2 Bf6 34. b3 Ne3 35. Rd3 Ke7 36. Rc1 Rxd7 37. Rxd7+ Kxd7 38. Rc5 b4 39. Rb5 Kc6 40. Rxb4 b5 41. a4 Nc2 42. axb5+ Kb6 43. Rc4 Nd4+ 44. Kf2 Kxb5 45. Rc7 h6 46. Rf7 Bg5 47. Rf8 Kc5 48. Re8 Kd6 49. b4 Be7 50. Rh8 Bg5 51. Re8 Nb5 52. Rb8 Nc7 53. b5 Kc5 54. b6 Na6 55. Re8 Kxb6 56. Rxe5 Nc5 57. Re6+ Nxe6 0-1

[Event "Titled Tuesday intern op 16th May Late"]
[Site "Chess.com INT"]
[Date "2023.05.16"]
[Round "3"]
[White "D'Arruda, Ricardo D"]
[Black "Adan Bermudez, Sergio"]
[Result "1/2-1/2"]
[WhiteElo "2271"]
[BlackElo "2322"]
[PlyCount "92"]
[EventDate "2023.05.16"]
[EventType "swiss (blitz)"]
[EventRounds "11"]
[EventCountry "USA"]
[SourceTitle "CBM 214 Extra"]
[Source "ChessBase"]
[SourceDate "2023.07.31"]
[SourceVersion "1"]
[SourceVersionDate "2023.07.31"]
[SourceQuality "1"]

1. Nf3 d6 2. d4 g6 3. Nc3 Bg7 4. e4 a6 5. Bg5 h6 6. Bh4 Nf6 7. Qd2 b5 8. Bd3 Bb7 9. a3 c5 10. e5 cxd4 11. exf6 dxc3 12. Qxc3 Bxf6 13. Bxf6 exf6 14. 0-0-0 0-0 15. Rhe1 Nd7 16. Qd4 Ne5 17. Be2 Rc8 18. Qxd6 Qxd6 19. Rxd6 Be4 20. c3 Bxf3 21. gxf3 Rfd8 22. Rxa6 Re8 23. Rd1 Nc4 24. Bxc4 bxc4 25. Rxf6 Re2 26. Rd2 Re1+ 27. Kc2 Rce8 28. Rc6 Rh1 29. a4 Ree1 30. Rxc4 Rxh2 31. a5 Ra1 32. b4 Rh3 33. Kb2 Rhh1 34. Rcd4 Rhb1+ 35. Kc2 Rc1+ 36. Kb3 h5 37. b5 Rxa5 38. Rb4 Ra8 39. b6 Rb8 40. Rb2 h4 41. b7 h3 42. Rh4 Rxb7+ 43. Ka2 Ra7+ 44. Kb3 Rb7+ 45. Ka2 Ra7+ 46. Kb3 Rb7+ 1/2-1/2

[Event "Titled Tuesday intern op 02nd May Late"]
[Site "Chess.com INT"]
[Date "2023.05.02"]
[Round "11"]
[White "Adan Bermudez, Sergio"]
[Black "Osmonbekov, Talaibek D"]
[Result "0-1"]
[WhiteElo "2322"]
[BlackElo "2137"]
[PlyCount "36"]
[EventDate "2023.05.02"]
[EventType "swiss (blitz)"]
[EventRounds "11"]
[EventCountry "USA"]
[SourceTitle "EXT 2024"]
[Source "ChessBase"]
[SourceDate "2023.10.10"]
[SourceVersion "1"]
[SourceVersionDate "2023.10.10"]
[SourceQuality "1"]

1. c4 e5 2. Nc3 d6 3. g3 f5 4. Bg2 Nf6 5. d4 e4 6. f3 Qe7 7. fxe4 fxe4 8. Bg5 Bf5 9. Nd5 Qf7 10. Bxf6 gxf6 11. Qb3 c6 12. Nxf6+ Qxf6 13. Qxb7 Bh6 14. Qxa8 0-0 15. Qxa7 Be3 16. Nh3 Bxd4 17. Qb7 Bxh3 18. Rf1 Bf2+ 0-1

[Event "Titled Tuesday intern op 02nd May Late"]
[Site "Chess.com INT"]
[Date "2023.05.02"]
[Round "4"]
[White "Adan Bermudez, Sergio"]
[Black "Sun, Rick"]
[Result "1/2-1/2"]
[WhiteElo "2322"]
[BlackElo "2139"]
[PlyCount "79"]
[EventDate "2023.05.02"]
[EventType "swiss (blitz)"]
[EventRounds "11"]
[EventCountry "USA"]
[SourceTitle "EXT 2024"]
[Source "ChessBase"]
[SourceDate "2023.10.10"]
[SourceVersion "1"]
[SourceVersionDate "2023.10.10"]
[SourceQuality "1"]

1. c4 d6 2. Nc3 Nf6 3. g3 g6 4. Bg2 Bg7 5. e3 0-0 6. Nge2 e5 7. 0-0 Nfd7 8. d4 f5 9. f4 exd4 10. exd4 Nf6 11. h3 Re8 12. Kh2 Nbd7 13. Re1 c6 14. Qd3 Qe7 15. Bd2 Ne4 16. Ng1 Ndf6 17. d5 c5 18. Nf3 Bd7 19. Ng5 h6 20. Ngxe4 fxe4 21. Nxe4 Bf5 22. Nxf6+ Qxf6 23. Qb3 Qxb2 24. Qxb2 Bxb2 25. Rab1 Bxb1 26. Rxb1 Bd4 27. Bf3 b6 28. g4 Re7 29. Kg3 Rae8 30. Rf1 Kg7 31. f5 Be5+ 32. Kg2 gxf5 33. gxf5 Bf6 34. Bh5 Re2+ 35. Bxe2 Rxe2+ 36. Rf2 Re4 37. Rf4 Re2+ 38. Rf2 Re4 39. Rf4 Re2+ 40. Rf2 1/2-1/2

[Event "Zahara de la Sierra 2nd"]
[Site "Zahara de la Sierra"]
[Date "2023.04.08"]
[Round "7"]
[White "Aguero Jimenez, Luis Lazaro"]
[Black "Adan Bermudez, Sergio"]
[Result "1-0"]
[WhiteElo "2451"]
[BlackElo "2324"]
[PlyCount "69"]
[EventDate "2023.04.05"]
[EventType "tourn"]
[EventRounds "9"]
[EventCountry "ESP"]
[EventCategory "6"]
[SourceTitle "CBM 213 Extra"]
[Source "ChessBase"]
[SourceDate "2023.05.31"]
[SourceVersion "1"]
[SourceVersionDate "2023.05.31"]
[SourceQuality "1"]

1. e4 c5 2. Nf3 Nc6 3. Nc3 e5 4. Bc4 g6 5. d3 h6 6. Be3 d6 7. Ng1 Bg7 8. Nge2 Nge7 9. Qd2 a6 10. a4 Be6 11. Bxe6 fxe6 12. f4 Qd7 13. 0-0 0-0-0 14. a5 exf4 15. Nxf4 Bxc3 16. bxc3 Kb8 17. Qe2 e5 18. Nd5 Nxd5 19. exd5 Ne7 20. Rf7 Rdf8 21. Rxf8+ Rxf8 22. Bxh6 Rh8 23. Bd2 Nxd5 24. Qe4 Qh7 25. h3 Nf6 26. Qf3 Rf8 27. Rb1 Qe7 28. Bh6 Rf7 29. Rf1 e4 30. dxe4 Qe5 31. Bf4 Qe6 32. Bg5 Nxe4 33. Qxf7 Qxf7 34. Rxf7 Nxg5 35. Rg7 1-0

[Event "Zahara de la Sierra 2nd"]
[Site "Zahara de la Sierra"]
[Date "2023.04.05"]
[Round "1"]
[White "Blanco Acevedo, Cristobal Jose"]
[Black "Adan Bermudez, Sergio"]
[Result "0-1"]
[WhiteElo "2300"]
[BlackElo "2324"]
[PlyCount "128"]
[EventDate "2023.04.05"]
[EventType "tourn"]
[EventRounds "9"]
[EventCountry "ESP"]
[EventCategory "6"]
[SourceTitle "CBM 213 Extra"]
[Source "ChessBase"]
[SourceDate "2023.05.31"]
[SourceVersion "1"]
[SourceVersionDate "2023.05.31"]
[SourceQuality "1"]

1. d4 d5 2. Nf3 e6 3. c3 c5 4. Bf4 Qb6 5. Qb3 c4 6. Qc2 Nc6 7. Nbd2 Nf6 8. h3 Bd7 9. e3 Rc8 10. Be2 Be7 11. 0-0 0-0 12. Rae1 Qd8 13. Ne5 Be8 14. f3 Nh5 15. Bh2 Bh4 16. Nxc6 Bxc6 17. Rd1 Ng3 18. Bxg3 Bxg3 19. f4 b5 20. Nf3 f6 21. Nd2 e5 22. Bg4 Rb8 23. Qf5 exf4 24. Qe6+ Kh8 25. exf4 Qe8 26. Rf3 Qxe6 27. Bxe6 Rbe8 28. Bf5 Re1+ 29. Rxe1 Bxe1 30. Nf1 Re8 31. Ne3 g6 32. Bc2 a5 33. f5 g5 34. Kf1 Bd2 35. Nd1 b4 36. g3 b3 37. axb3 cxb3 38. Bxb3 Bb5+ 39. Kg2 Be2 40. Rf2 Be1 41. Rxe2 Rxe2+ 42. Kf1 Re8 43. Bxd5 Bxg3 44. Be6 Rb8 45. Ke2 h5 46. Kf3 Bc7 47. b3 Kg7 48. Nf2 Bf4 49. Ne4 Bc7 50. Bd5 Rd8 51. Be6 Rb8 52. d5 Rb6 53. Nc5 Bd6 54. Ne4 Be5 55. Ke3 g4 56. hxg4 h4 57. Kf3 h3 58. d6 Bxd6 59. g5 fxg5 60. f6+ Kg6 61. Bxh3 Be5 62. f7 Kxf7 63. Bf1 Kg6 64. Bc4 Kh5 0-1

[Event "Titled Tuesday intern op 28th Mar Late"]
[Site "Chess.com INT"]
[Date "2023.03.28"]
[Round "1"]
[White "Bongo Akanga Ndjila, Barthelemy"]
[Black "Adan Bermudez, Sergio"]
[Result "1/2-1/2"]
[WhiteElo "1824"]
[BlackElo "2338"]
[PlyCount "160"]
[EventDate "2023.03.28"]
[EventType "swiss (blitz)"]
[EventRounds "11"]
[EventCountry "USA"]
[SourceTitle "EXT 2024"]
[Source "ChessBase"]
[SourceDate "2023.10.10"]
[SourceVersion "1"]
[SourceVersionDate "2023.10.10"]
[SourceQuality "1"]

1. d4 d5 2. c4 e6 3. Nc3 a6 4. cxd5 exd5 5. Nf3 Nf6 6. Bg5 Be6 7. Qc2 Bd6 8. e3 0-0 9. Bd3 c6 10. Bxh7+ Kh8 11. Bd3 Nbd7 12. 0-0 b5 13. a3 Rc8 14. e4 dxe4 15. Nxe4 Be7 16. Rad1 Nd5 17. Bxe7 Qxe7 18. Rfe1 Nf4 19. Bf1 Bf5 20. g3 Ne6 21. Nh4 Bh7 22. Qc1 Nf6 23. Ng5 Qd6 24. Nxe6 fxe6 25. Qg5 Ne4 26. Ng6+ Bxg6 27. Qxg6 Nxf2 28. Rd2 Rf6 29. Qh5+ Rh6 30. Qg5 Nh3+ 31. Bxh3 Rxh3 32. Kg2 Rh6 33. Re5 Rf8 34. Rde2 Qxd4 35. Rxe6 Rxe6 36. Rxe6 Qxb2+ 37. Kh3 Qb1 38. Rxc6 Qf1+ 39. Kh4 Qf7 40. Qh5+ Qxh5+ 41. Kxh5 Ra8 42. Rb6 Kh7 43. g4 Ra7 44. g5 g6+ 45. Rxg6 a5 46. Rb6 b4 47. axb4 a4 48. Rc6 a3 49. Rc1 a2 50. Ra1 Ra4 51. b5 Ra5 52. b6 Rb5 53. b7 Rxb7 54. Rxa2 Kg7 55. Rd2 Ra7 56. Rf2 Rb7 57. h4 Ra7 58. Rf6 Rb7 59. Rg6+ Kh7 60. Rh6+ Kg7 61. Rg6+ Kh7 62. Rh6+ Kg7 63. Rf6 Ra7 64. Rd6 Rb7 65. Rd5 Ra7 66. g6 Rb7 67. Kg5 Ra7 68. h5 Rb7 69. Re5 Ra7 70. h6+ Kf8 71. Rc5 Ra1 72. Rc8+ Ke7 73. Rc7+ Kf8 74. Rc8+ Ke7 75. Rc7+ Kf8 76. h7 Rg1+ 77. Kf6 Rf1+ 78. Kg5 Rg1+ 79. Kh6 Rh1+ 80. Kg5 Rg1+ 1/2-1/2

[Event "Titled Tuesday intern op 28th Mar Late"]
[Site "Chess.com INT"]
[Date "2023.03.28"]
[Round "7"]
[White "Smirnov, Pavel"]
[Black "Adan Bermudez, Sergio"]
[Result "1-0"]
[WhiteElo "2545"]
[BlackElo "2338"]
[PlyCount "51"]
[EventDate "2023.03.28"]
[EventType "swiss (blitz)"]
[EventRounds "11"]
[EventCountry "USA"]
[SourceTitle "EXT 2024"]
[Source "ChessBase"]
[SourceDate "2023.10.10"]
[SourceVersion "1"]
[SourceVersionDate "2023.10.10"]
[SourceQuality "1"]

1. d4 d5 2. c4 e6 3. Nf3 a6 4. c5 b6 5. cxb6 cxb6 6. Bf4 Bd6 7. e3 Bxf4 8. exf4 Nf6 9. Nc3 0-0 10. Bd3 b5 11. 0-0 b4 12. Na4 a5 13. Nc5 Ba6 14. Nxa6 Nxa6 15. Ne5 Qd6 16. Rc1 Rfc8 17. Qe2 Rxc1 18. Rxc1 Nc7 19. g4 Nfe8 20. g5 f6 21. Rc6 Qd8 22. Bxh7+ Kxh7 23. Qh5+ Kg8 24. Qf7+ Kh7 25. g6+ Kh6 26. Qg8 1-0